Normal view
MARC view
Entry Nombre personal
001 - NÚMERO DE CONTROL
- campo de control: 8333
003 - IDENTIFICADOR DEL NÚMERO DE CONTROL
- campo de control: BNPHU
005 - FECHA Y HORA DE LA ÚLTIMA TRANSACCIÓN
- campo de control: 20240305122052.0
008 - DATOS DE LONGITUD FIJA
- campo de control de longitud fija: 200615|| aca||aabn | a|a d
040 ## - FUENTE DE LA CATALOGACIÓN
- Centro catalogador/agencia de origen: DO-SdBNP
- Lengua de catalogación: spa
- Centro/agencia transcriptor: BNPHU
- Normas de descripción: rda
082 #4 - SIGNATURA TOPOGRÁFICA DECIMAL DEWEY
- Número de clasificación: 972.9304
100 1# - ENCABEZAMIENTO-NOMBRE DE PERSONA
- Nombre de persona: Herrera, César A.,
- Fechas asociadas al nombre: 1910-1988
370 ## - LUGAR ASOCIADO
- Lugar de nacimiento: Baní, República Dominicana
- Lugar de fallecimiento: Santo Domingo, República Dominicana
374 ## - OCUPACIÓN
- Ocupación: Historiador
- Ocupación: Periodista
375 ## - GÉNERO/SEXO
- Género/Sexo: Masculino
377 ## - LENGUA/LENGUAJE ASOCIADO
- Código del idioma: Español
400 1# - TRAZADO DE VÉASE--NOMBRE DE PERSONA
- Nombre de persona: Cabral, César A. Herrera
- Fechas asociadas al nombre: 1910-1988
400 1# - TRAZADO DE VÉASE--NOMBRE DE PERSONA
- Nombre de persona: Herrera Cabral, César A.
670 ## - FUENTE DE DATOS ENCONTRADOS
- Cita de la fuente: Work cat.: (OSt)2478: Herrera, César A., 1910-1988, De Hartmont a Trujillo :, 1953.
670 ## - FUENTE DE DATOS ENCONTRADOS
- Cita de la fuente: Herrera, César A. Anexión-restauración. Santo Domingo: Archivo General de la Nación, 2012, 387 p.
